Balfour runs away with the 2005 crown (Record no. 76401)
[ view plain ]
| 000 -LEADER | |
|---|---|
| fixed length control field | 00695cab a2200181 4500 |
| 001 - CONTROL NUMBER | |
| control field | ##L132325 |
| 008 - FIXED-LENGTH DATA ELEMENTS--GENERAL INFORMATION | |
| fixed length control field | 060127n2006 000 0 eng u |
| 035 ## - SYSTEM CONTROL NUMBER | |
| System control number | (Sirsi) u132325 |
| 041 0# - LANGUAGE CODE | |
| Language code of text/sound track or separate title | eng |
| 100 1# - MAIN ENTRY--PERSONAL NAME | |
| Personal name | McCormick, Helen |
| 245 00 - TITLE STATEMENT | |
| Title | Balfour runs away with the 2005 crown |
| 260 ## - PUBLICATION, DISTRIBUTION, ETC. | |
| Date of publication, distribution, etc. | 2006 |
| 490 #0 - SERIES STATEMENT | |
| Series statement | Contract Journal |
| Volume/sequential designation | 431(6559) 25 January 2006, 20-21(2) |
| 520 ## - SUMMARY, ETC. | |
| Summary, etc. | Balfour Beatty topped the new works winner table in 2005. Bovis Lend Lease were second, and Kier third. Contains table showing total value of new orders won in 2005, and bar chart of annual orders by sector 2001 to 2005. |
| 590 ## - LOCAL NOTE (RLIN) | |
| Local note | IKA310106 |
| 690 ## - LOCAL SUBJECT ADDED ENTRY--TOPICAL TERM (OCLC, RLIN) | |
| Topical term or geographic name as entry element | BUILT ENVIRONMENT-CONSTRUCTION MARKET |
| 942 ## - ADDED ENTRY ELEMENTS (KOHA) | |
| Suppress in OPAC | 0 |
| Withdrawn status | Lost status | Source of classification or shelving scheme | Damaged status | Not for loan | Home library | Current library | Shelving location | Date acquired | Total Checkouts | Full call number | Barcode | Date last seen | Copy number | Price effective from | Koha item type |
|---|---|---|---|---|---|---|---|---|---|---|---|---|---|---|---|
| Dewey Decimal Classification | London | London | Journal article | 27/01/2006 | L132325 | 132325-1001 | 06/08/2019 | 1 | 06/08/2019 | Journal article |